000 01203nam a22002657a 4500
999 _c6660
_d6660
003 OSt
005 20200318155402.0
008 200318q2013 a|||ar|||| 00| j spa d
020 _a9788415953661
040 _aCO-JMCR
_cCO-JMCR
041 _aspa
082 _aC /
_bNIEb
100 1 _aNieto, Carmen Mari,
_eautora
_91682
245 1 3 _aEl barquito de papel /
_cMari Carmen Nieto ; ilustraciones Laura Ruiz
260 _a[Granada, España] :
_bEditorial GEU,
_c[2013]
300 _a19 páginas :
_bprincipalmente ilustraciones a color ;
_c21 cm. x 22 cm. +
_e1CD
490 0 _aCuentos para educar en valores
490 0 _aPrimeros lectores
490 0 _aLeosolo
500 _aIncluye CD en la tapa posterior
520 0 _aEn esta colección de cuentos está destinada a los primeros lectores. Sus historias son muy divertidas y su gran variedad de actividades, que recorren todas las materias, está pensada para mejorar todos los aspectos de la lectura, especialmente la comprensión. Para facilitar la evaluación a padres y profesores, se incluye en cada libro una "ficha control".
650 1 4 _2Cuento infantil español
700 _aRuiz, Laura,
_eilustradora
_91683
942 _2ddc
_cBK